000 01295nam0a22002531 4500
001 rc\274396
005 20191028111659.0
035 _a(NLR Aleph) 005491785
090 _a5215002
_c5215002
100 _a20030307d1990 u |0rusy50 ca
101 0 _arus
102 _aRU
105 _ay |||||||||
200 1 _aСовершенствование подготовки военных врачей и медицинского обеспечения войск и сил флота
_eТез. докл. на юбил. науч. конф. проф.-преподават. состава, 1990 г.
_e[К 25-летию фак.]
_fВоен.-мед. фак. при Горьков. мед. ин-те им. С.М. Кирова
_g[Под общ. ред. А.Н. Борисова, В.Н. Анисимова]
210 _aГорький
_cБ. и.
_d1990
215 _a306 с.
_d20
702 1 _aБорисов
_bА. Н.
_4340
711 0 2 _aГорьковский медицинский институт им. С. М. Кирова
_bНаучная конференция профессорско-преподавательского состава
_f1990
_3RU\NLR\AUTH\880511444
801 0 _aRU
_bNLR
_gpsbo
801 1 _aRU
_bELAR
_2rusmarc
852 _aNLR
_j90-3/12748
942 _cBOOK
980 _aNB